MDQL
is popping MORE tags! Check the
thread
!
Quizzes
Events
Quiz Creation
Community
Videos
Private Events
Remove Ads
Sign In
Join for FREE
Feedback
Dark Mode
Quiz Categories
Sports
Geography
Music
Movies
Television
Just For Fun
Miscellaneous
History
Literature
Language
Science
Gaming
Entertainment
Religion
Holiday
For Kids
Quiz Lab
Recent
Popular Today
Quiz Kudos Today
Editor Picks
Curator Picks
Quizzes by...
Day
Popularity
Type
Ratings
Length
Year
Community
Subscriptions
Recent Discussions
Orange Saloon
Badges
Playlists
Quests
Create
Leaderboards
Showdown
Live 5
Trivia Bingo
Activity
Puzzle Library
Sporcle Events
Private Events
Virtual Trivia
Globe League
Become a Host
Pub Owners
SporcleCon
Opinionation
Our Games
Videos
Blog
Mobile Apps
Partnerships
Remove Ads and Go Orange
Feedback
Literature
Harry Potter
A Song of Ice and Fire
The Hunger Games
Literary Character
Shakespeare
Book
Author
Novel
Poem
Young Adult
Children's Books
Play
Lord of the Rings
Literature
Harry Potter
A Song of Ice and Fire
The Hunger Games
Literary Character
Shakespeare
Book
Author
Novel
Poem
Young Adult
Children's Books
Play
Lord of the Rings
Random Quiz
Search Sporcle
×
Quiz Lab
Quiz Lab
Literature
Harry Potter
Type in answers that appear in a list
Type in answers that appear in a list
Classic
Best Score? Go Orange.
Known half-bloods in Harry Potter Stats
Can you name the Known half-bloods in Harry Potter?
By
xoxhinataxox
7m
27 Questions
131 Plays
131 Plays
131 Plays
Comments
Comments
Give Quiz Kudos
Give Quiz Kudos
-
- Ratings
hide this ad
Random Order
Randomize order of answers
Randomize order of answers
Replay
Link that replays current quiz
Next Quiz
Link to next quiz in quiz playlist
You Got
0%
They Got
Avg Score
48%
Avg Friend Score
Upgrade to see
Score Distribution
Jump to the score distribution portion of the page
Score
0/27
Timer
07:00
0
Plays Today
Father's blood status
Wizard
% Correct
Pure-
blood
Harry Potter
92.4%
Muggle
Seamus Finnigan
82.4%
Muggle
Tom Marvolo Riddle
80.9%
Pure or Half-
blood
Dean Thomas
80.2%
Half-
blood
James Sirius Potter
74.8%
Half-
blood
Albus Severus Potter
74%
Muggle
Severus Snape
73.3%
Half-
blood
Lily Luna Potter
71.8%
Unknown
Albus Dumbledore
71%
Muggleborn
Nymphadora Tonks
66.4%
Pure-
blood
Rose Weasley
62.6%
Pure-
blood
Hugo Weasley
61.8%
Unkown
Aberforth Dumbledore
53.4%
Unknown
Ariana Dumbledore
53.4%
Father's blood status
Wizard
% Correct
Unknown, muggle ancestor
Remus Lupin
48.9%
Half-
blood
Teddy Lupin
44.3%
Unknown, muggle ancestor
Hannah Abbot
40.5%
Muggle
Minerva McGonagall
38.9%
Unknown, muggle grandparent
Susan Bones
27.5%
Pure or Half-
blood
Alfred Cattermole
24.4%
Pure or Half-
blood
Maisie Cattermole
23.7%
Pure or Half-
blood
Ellie Cattermole
22.9%
Unknown, muggle ancestor
Mundungus Fletcher
12.2%
Unknown, muggle ancestor
Quirinus Quirrell
9.2%
Pure or Half-
blood
Garrick Ollivander
8.4%
Unknown, muggle ancestor
Millicent Bulstrode
8.4%
Pure or Half-
blood
Bowman Wright
3.8%
Quiz Playlist
Details
Report
Send in Message
Add To Playlist
Classic:
Type in answers that appear in a list
Random Order:
Randomize order of answers
Quiz Source
Last Updated: Feb 16, 2017
Quiz Scoreboard
CHALLENGE
Sign Up to Join the Scoreboard
Show All
Scores
Hide
Comments
May contain spoilers
Recently Published
Street Fighter Characters
by Artimus82
Gaming
60s
9x9 Crossword: Cartoon Network
by jackfrog10
Miscellaneous
3m
College Basketball Coaching Resumes
by pancakes188
Sports
9m
More to Explore
Quiz From the Vault
Featured Blog Post
Where Did the Easter Bunny Come From?
hide this ad
You Might Also Like...
Tags
Harry Potter Quiz
blood
Half Blood
Today's Top Quizzes in Literature
Browse Literature
hide this ad
Today's Top Quizzes in Harry Potter
Browse Harry Potter
Top Contributed Quizzes in Literature
1
Sneaky Slytherin Logic Puzzle
2
Get The Picture: Black or White Literature
3
5-to-1: Plays
4
A Court of Thorns and Roses (ACoTaR) Logic Puzzle
5
One Thing in Common: Literature
6
One Thing in Common: Literature II
7
One Thing in Common: Literature 3
8
One Thing in Common: Books
9
Literary Siblings Odd One Out III
10
Harry Potter Neighbourly Logic Puzzle #1
Explore More
Trending Topics
Kpop
Crossword
Disney
Harry Potter
Marvel
Anime
NBA
Country
Pokémon
Song
Soccer
The Office
Puzzle
NFL
WWE
hide this ad
More By:
xoxhinataxox
Quiz
Plays
Rating
Category
Featured
Created
Top Female Characters in ASOIAF
7,775
4.89
Literature
Aug 3, 2013
ASOIAF: Characters by first letter
751
3.75
Literature
Mar 9, 2014
ASOIAF: House Frey
641
4.33
Literature
Jul 25, 2013
Dynasty Warriors Character Weapons
482
4.20
Gaming
Jul 4, 2014
Disowned Black Family Members
437
4.33
Literature
Jul 26, 2012
Go to Creator's Profile
Score Distribution
Quiz Creator Spotlight
xoxhinataxox
Follow
Send a Message
Quizzes Created
-
Created Quiz Play Count
-
More By This Creator
Popular Quizzes Today
1
Find the US States - No Outlines Minefield
2
Find the Countries of Europe - No Outlines Minefield
3
The Countries of the World
4
Find the US States
5
Risky Map Clicking: Biggest States A-Z
6
US States
7
Popular People in 1961
8
Movies - When Are They Set?
More Literature Quizzes
Jack Ryan Novels
Published
Trending Quizzes
Risky Map Clicking: Least Populous States A-Z
Countries of the World: 200 Million BC
1-10 Letter G Words
Risky Map Clicking: Next State Alphabetically
Adjectives in 80s TV Shows
Recently Updated
Leaping Animals
pecheneg
Reality TV Shows (A-Z)
bhenderson79
Rickey Henderson's Hall of Fame Teammates
pecheneg
Champions League XIs: Arsenal
pecheneg
Quick Pick: Celebrities in WWE's Hall of Fame
aduchscher
A-Z Keypad Blitz II
pecheneg
Multiple Oscar Actors
pecheneg
Mystery Phrase Blitz: Oscar 'Best Actors'
pecheneg
F. Scott Fitzgerald Novels
LTH
Pick 3 Villains
ddd62291
Trending Topics
Disney
NBA
Harry Potter
Kpop
Crossword
Marvel
Anime
Puzzle
Country
The Office
NFL
Pokémon
Soccer
WWE
Song
Your Account Isn't Verified!
In order to create a playlist on Sporcle, you need to verify the email address you used during registration. Go to your
Sporcle Settings
to finish the process.
Report this User
Report this user for behavior that violates our
Community Guidelines
.
Details:
Send Report
Go to the Sporcle.com Mobile Site →
Comments